000 00659nam a22002291a 4500
001 30707
003 BD-RjUL
005 20211209051614.0
008 140410r19501949nyu 00110 eng d
035 _a(BD-RjUL)30794
040 _aDLC
_beng
_cDLC
_dBD-RjUL
041 _aeng
082 0 0 _a153.93
_bMUP 1950
100 1 _aMursell, James L.
_q(James Lockhart),
_d1893-
_993296
245 1 0 _aPsychological testing /
_cby James L. Mursell.
250 _a2nd ed.
260 _aNew York :
_bLongmans, Green,
_cc1949 [Reprinted 1950].
300 _axvi, 488 p. ;
_c21 cm.
504 _aIncludes index.
650 0 _aPsychological tests.
_993297
942 _2ddc
_cBK
999 _c30707
_d30707